000 00299nam a2200121Ia 4500
008 231129s1960||||xx |||||||||||||| ||spa||
082 _aHAJ- 0254
100 _aNieto Caballero Agustí­n
245 0 _aEl secreto de Rusia
260 _c1960
264 _aBogotá: Antares 1960
942 _2ddc
_cBKS
999 _c12382
_d12382